| 000 | 00630nam a2200205 a 4500 | ||
|---|---|---|---|
| 001 | 000025610 | ||
| 005 | 20200930023920.0 | ||
| 008 | 110218s1993 nyu r 000 0 eng d | ||
| 020 | _a0671648799 | ||
| 040 |
_aDO-SdBNP _beng _cBNPHU |
||
| 082 |
_ann* _bnn* |
||
| 100 | 1 |
_aReeves, Richard. _952304 |
|
| 245 | 1 | 0 |
_aPresident Kennedy : _bprofile of power / _cRichard Reeves. |
| 260 |
_aNew York : _bSimon & Schuster, _c1993. |
||
| 300 |
_a798 p. ; _c24 cm. |
||
| 504 | _aBibliografía : [756]-765 p. | ||
| 500 | _aIncluye índice. | ||
| 500 | _aIncluye referencias bibliográficas y notas al pie de las páginas. | ||
| 049 | _aBNGR | ||
| 999 |
_c25102 _d25102 |
||